000
00263nam a2200109Ia 4500
008
230917s9999||||xx |||||||||||||| ||und||
040
_e
190517
_a
MAIN
041
_a
English
100
_a
Kaplish, B M
245
0
_a
Elements of mathematics and statics
942
_c
BK
999
_c
130557
_d
130557